Kết quả nghiên cứu bảo tồn nguồn gene vật nuôi ở Việt Nam = On the rerults of the liverstock genetic conservation in Vietnam
Sách là kết quả nghiên cứu nhằm bảo tồn nguồn gene vật nuôi ở Việt Nam nhằm giữ lại các nguồn gene quý giá cho thế hệ mai sau.
保存先:
| 団体著者: | |
|---|---|
| フォーマット: | 図書 |
| 言語: | Undetermined |
| 出版事項: |
Hà Nội
Nông nghiệp
1994
|
| 主題: | |
| タグ: |
タグ追加
タグなし, このレコードへの初めてのタグを付けませんか!
|
| Thư viện lưu trữ: | Trung tâm Học liệu Trường Đại học Cần Thơ |
|---|
| LEADER | 00955nam a2200229Ia 4500 | ||
|---|---|---|---|
| 001 | CTU_127457 | ||
| 008 | 210402s9999 xx 000 0 und d | ||
| 020 | |c 9600 | ||
| 082 | |a 636.0821 | ||
| 082 | |b V305 | ||
| 110 | |a Viện Chăn nuôi | ||
| 245 | 0 | |a Kết quả nghiên cứu bảo tồn nguồn gene vật nuôi ở Việt Nam = | |
| 245 | 0 | |b On the rerults of the liverstock genetic conservation in Vietnam | |
| 245 | 0 | |c Viện Chăn nuôi | |
| 260 | |a Hà Nội | ||
| 260 | |b Nông nghiệp | ||
| 260 | |c 1994 | ||
| 520 | |a Sách là kết quả nghiên cứu nhằm bảo tồn nguồn gene vật nuôi ở Việt Nam nhằm giữ lại các nguồn gene quý giá cho thế hệ mai sau. | ||
| 650 | |a Biological diversity conservation,Genetic engineering | ||
| 650 | |x Animal husbandry | ||
| 904 | |i Hạ Nguyên | ||
| 980 | |a Trung tâm Học liệu Trường Đại học Cần Thơ | ||